Kendall músculos : (Registro nro. 24253)
[ vista simple ]
| 000 -LEADER | |
|---|---|
| fixed length control field | 01643cam a2200397 i 4500 |
| 001 - CONTROL NUMBER | |
| control field | 24253 |
| 003 - CONTROL NUMBER IDENTIFIER | |
| control field | Mx-PuUPA |
| 005 - DATE AND TIME OF LATEST TRANSACTION | |
| control field | 20250312110037.0 |
| 008 - FIXED-LENGTH DATA ELEMENTS--GENERAL INFORMATION | |
| fixed length control field | 140415s2024 sp a gr 000 0 spa d |
| 017 ## - COPYRIGHT OR LEGAL DEPOSIT NUMBER | |
| Copyright or legal deposit number | M-31518-2023 |
| 020 ## - INTERNATIONAL STANDARD BOOK NUMBER | |
| International Standard Book Number | 9788419663344 |
| 040 ## - CATALOGING SOURCE | |
| Transcribing agency | Mx-PuUPA |
| Original cataloging agency | Mx-PuUPA |
| Language of cataloging | spa |
| Modifying agency | Mx-PuUPA |
| Description conventions | rda |
| 041 1# - LANGUAGE CODE | |
| Language code of text/sound track or separate title | spa |
| Language code of original | eng |
| 100 1# - MAIN ENTRY--PERSONAL NAME | |
| Personal name | Conroy, Vincent M., |
| Relator term | autor |
| 9 (RLIN) | 16825 |
| 240 10 - UNIFORM TITLE | |
| Uniform title | Kendall's muscles : testing and function with posture and pain. |
| Language of a work | Español |
| 245 10 - TITLE STATEMENT | |
| Title | Kendall músculos : |
| Remainder of title | función y pruebas mediante posturas y dolor / |
| Statement of responsibility, etc. | Vincent M. Conroy, Brian N. Murray, Quinn T. Alexopulos, McCreary Jordan ; traducción, Pedro Sánchez Rojas |
| 250 ## - EDITION STATEMENT | |
| Edition statement | 6a. edición |
| 264 #1 - PRODUCTION, PUBLICATION, DISTRIBUTION, MANUFACTURE, AND COPYRIGHT NOTICE | |
| Place of production, publication, distribution, manufacture | Barcelona, España : |
| Name of producer, publisher, distributor, manufacturer | Wolters Kluwer, |
| Date of production, publication, distribution, manufacture, or copyright notice | ©2024 |
| 300 ## - PHYSICAL DESCRIPTION | |
| Extent | xxiv, 503 páginas : |
| Other physical details | ilustraciones (a color) ; |
| Dimensions | 28 cm |
| 336 ## - CONTENT TYPE | |
| Fuente | rdacontent |
| Content type term | texto |
| Content type code | txt |
| 336 ## - CONTENT TYPE | |
| Fuente | rdacontent |
| Content type term | imagen fija |
| Content type code | sti |
| 337 ## - MEDIA TYPE | |
| Source | rdamedia |
| Media type term | sin medio |
| Media type code | n |
| 338 ## - CARRIER TYPE | |
| Source | rdacarrier |
| Carrier type term | volumen |
| Carrier type code | nc |
| 650 #7 - SUBJECT ADDED ENTRY--TOPICAL TERM | |
| Source of heading or term | amor |
| Topical term or geographic name entry element | Músculos |
| General subdivision | Dolor |
| 650 #7 - SUBJECT ADDED ENTRY--TOPICAL TERM | |
| Source of heading or term | armarc |
| Topical term or geographic name entry element | Pruebas funcionales (Medicina) |
| 650 #7 - SUBJECT ADDED ENTRY--TOPICAL TERM | |
| Source of heading or term | armarc |
| Topical term or geographic name entry element | Postura |
| 700 1# - ADDED ENTRY--PERSONAL NAME | |
| Personal name | Brian N. Murray, |
| 700 1# - ADDED ENTRY--PERSONAL NAME | |
| Personal name | Quinn T. Alexopulos, |
| 700 1# - ADDED ENTRY--PERSONAL NAME | |
| Personal name | McCreary Jordan ; |
| 700 1# - ADDED ENTRY--PERSONAL NAME | |
| Personal name | traducción, Pedro Sánchez Rojas |
| 765 0# - ORIGINAL LANGUAGE ENTRY | |
| Main entry heading | Conroy, Vincent M., |
| Edition | 6a edición |
| Place, publisher, and date of publication | Philadelphia, PA : Wolters Kluwer, ©2024 |
| Title | Kendall's muscles : testing and function with posture and pain. |
| International Standard Book Number | 9781975159894 |
| 942 ## - ADDED ENTRY ELEMENTS (KOHA) | |
| Source of classification or shelving scheme | Dewey Decimal Classification |
| Koha item type | Libro |
| Classification part | 612.74 |
| Item part | K3318 |
| Withdrawn status | Lost status | Source of classification or shelving scheme | Damaged status | Not for loan | Collection code | Home library | Current library | Shelving location | Date acquired | Source of acquisition | Cost, normal purchase price | Total Checkouts | Full call number | Barcode | Date last seen | Cost, replacement price | Price effective from | Koha item type | Copy number |
|---|---|---|---|---|---|---|---|---|---|---|---|---|---|---|---|---|---|---|---|
| Dewey Decimal Classification | General | Biblioteca Karol Wojtyla | Biblioteca Karol Wojtyla | Sala general | 04/03/2025 | 25 | 3654.00 | 612.74 K3318 2024 | 105934 | 03/02/2026 | 3654.00 | 04/03/2025 | Reserva permanente | ||||||
| Dewey Decimal Classification | General | Biblioteca Karol Wojtyla | Biblioteca Karol Wojtyla | Sala general | 04/03/2025 | 25 | 3654.00 | 612.74 K3318 2024 | 105935 | 05/01/2026 | 3654.00 | 04/03/2025 | Reserva permanente | Ej.2 |